Générique Tom Sawyer - Paroles - Statistiques

Statistiques générales
  • Ce quiz a été pris 1 740 fois
    1 721 depuis la dernière actualisation
  • Le résultat moyen est 13 sur 20
Statistiques - réponses
Paroles % Correct
Le symbole de la {liberté}
99%
Tom Sawyer, c'est {l}'{Amérique}
99%
Tom Sawyer, c'est pour nous tous {un} {ami}
87%
Le symbole de la {liberté}
78%
Tom Sawyer, c'est {l}'{Amérique}
78%
Il n'as peur {de} {rien}
76%
Il est né sur les {bords} {du} {fleuve} {Mississippi}
74%
Tom Sawyer, c'est pour nous tous {un} {ami}
73%
Tom Sawyer, c'est {l}'{Amérique}
71%
Avec ses bons {copains}
69%
C'est un {Américain}
67%
Pour tenter {l}'{aventure}
67%
Il est né sur les {bords} {du} {fleuve} {Mississippi}
66%
Il est toujours {prêt}
63%
Il aime {l}'{école}
59%
Surtout quand elle est {loin}
59%
Pour tous ceux qui aiment la {vérité}
31%
Qui sont dans la {forêt}
31%
Les chemins, les rivières et les {sentiers}
21%
Il connaît les {merveilles}
10%
Aucun quiz correspondant
Distribution des résultats
% des personnes avec chaque résultat
Percentile par nombre de réponses
Votre historique - résultats
Vous n’avez pas pris ce quiz depuis la dernière actualisation